Daty XX wieku - z marginesem błędu 10 lat #2 - Statystyki

Ogólne statystyki
  • Ten quiz został rozwiązany 3 886 razy
  • Średni wynik to 8 z 20
Statystyki odpowiedzi
Wskazówka Odpowiedź % Poprawnych
Rozpoczyna się kampania wrześniowa 1939
92%
Sputnik 1 zostaje wystrzelony przez ZSRR 1957
85%
Elżbieta II zostaje królową Wielkiej Brytanii 1952
83%
Google zostaje założone 1998
78%
Rozpoczyna się Afera Watergate, w wyniku której prezydent Richard Nixon ustępuje ze stanowiska 1972
54%
Franklin Delano Roosevelt umiera 1945
46%
Budowa Pałacu Kultury i Nauki rozpoczyna się 1952
39%
Imperium Osmańskie rozpada się 1922
36%
Ford produkuje pierwszy egzemplarz Modelu T 1908
35%
Roald Amundsen zdobywa biegun południowy 1911
34%
Mao Zedong inicjuje rewolucję kulturalną 1966
31%
Mobutu Sese Seko zmienia nazwę Konga Belgijskiego na Zair 1971
21%
Wojna iracko-irańska rozpoczyna się *zwana także jako "Narzucona Wojna" 1980
20%
Nelson Mandela zostaje prezydentem RPA 1994
20%
Anne Frank rodzi się 1929
19%
Amelia Earhart ginie nad Oceanem Spokojnym 1937
18%
Powstaje klub żużlowy Falubaz w Zielonej Górze 1961
16%
Powstaje Organizacja Wyzwolenia Palestyny 1964
15%
Józef Cyrankiewicz tworzy swój piąty rząd 1969
15%
Einstein tworzy szczególną teorię względności 1905
12%
Nie znaleziono quizów pasujących do podanych kryteriów
Rozkład punktacji
Procent ludzi z każdym wynikiem
Percentyl według liczby udzielonych odpowiedzi
Twoja historia wyników
Nie rozwiązałeś tego quizu